000 00787nam a2200253Ia 4500
008 160418s9999 xx 000 0 und d
020 _a978-971-9900-72-6
050 _aFIL P 90
050 _b.B38 2011
100 _aBatnag, Aurora E.
245 _aSayusay :
245 _bsining ng mabisang pagpapahayag /
245 _cAurora E. Batnag, Teresita F. Fortunato, Alvin Ringgo C. Reyes.
260 _aQuezon City:
260 _bC & E Pub. Inc.,
260 _c2011
300 _a209 pages :
300 _billustrations ;
300 _c25 cm.
500 _aIncludes index.
650 _aCommunication -- Study and teaching -- Philippines.
650 _aFilipino language -- Study and teaching (Higher).
650 _xFilipino language -- Rhetoric -- Study and teaching.
999 _c293410
_d293410